The admissible dual of GL(N) via compact open subgroups

Αποθηκεύτηκε σε:
Λεπτομέρειες βιβλιογραφικής εγγραφής
Κύριος συγγραφέας: Bushnell, Colin J. (Colin John) 1947-
Άλλοι συγγραφείς: Kutzko, Philip C. 1946-
Μορφή: Βιβλίο
Γλώσσα:English
Δημοσίευση: Princeton, N.J. : Princeton University Press, 1993
Σειρά:Annals of mathematics studies ; ; no. 129
Θέματα:
Ετικέτες: Προσθήκη ετικέτας
Δεν υπάρχουν, Καταχωρήστε ετικέτα πρώτοι!

MARC

LEADER 00000cam a2200000 i 4500
001 1/40701
008 941103s1993 eng d
020 |a 0691032564  |c $59.50 
020 |a 0691021147  |c $24.95 
035 |l 10041318 
035 |a 93310/5 
040 |a GR-MY-UA  |b gre  |e aacr 
041 0 |a eng 
082 0 |a 512.2  |2 (20) 
100 1 |a Bushnell, Colin J.  |q (Colin John)  |d 1947- 
245 1 4 |a The admissible dual of GL(N) via compact open subgroups /  |c by Colin J. Bushnell and Philip C. Kutzko 
260 |a Princeton, N.J. :   |b Princeton University Press,   |c 1993 
300 |a ix, 313 p.;  |b ill.;  |c 25 cm 
490 1 |a Annals of mathematics studies  |v ; no. 129 
504 |a Includes bibliographical (p. 307-310) references and index 
650 0 0 |a Representations of groups. 
650 0 0 |a Nonstandard mathematical analysis. 
700 1 |a Kutzko, Philip C.  |d 1946- 
830 0 |a Annals of mathematics studies ;  |v ; no. 129 
852 |a INST  |b SAMOS  |e 19941103  |h 512.2 BUS  |p 005300002812  |q 005300002812  |t BK  |y 0 
909 |a Σ  |b 029649